[Event "38th Olympiad"]
[Site "Dresden GER"]
[Date "2008.11.25"]
[Round "11"]
[White "Baramidze,D"]
[Black "Zagorskis,D"]
[Result "1-0"]
[WhiteElo "2557"]
[BlackElo "2509"]
[EventDate "2008.11.13"]

1. e4 c5 2. Nf3 e6 3. d4 cxd4 4. Nxd4 a6 5. Bd3 Qc7 6. O-O Nf6 7. Kh1 Bc5
8. Nb3 Be7 9. f4 d6 10. Qe2 Nbd7 11. N1d2 b6 12. Nd4 Bb7 13. b4 g6 14. Bb2
e5 15. N4f3 Nh5 16. fxe5 dxe5 17. Nc4 f6 18. a3 Nf4 19. Qe3 O-O 20. Rfd1 b5
21. Na5 Nb6 22. Rac1 Nc4 23. Bxc4+ bxc4 24. Nxb7 Qxb7 25. g3 Ne6 26. Rd5
Rfd8 27. Rcd1 a5 28. Qc3 Rxd5 29. exd5 axb4 30. axb4 Nd4 31. Nxd4 Qxd5+ 32.
Qf3 Rd8 33. Qxd5+ Rxd5 34. Re1 Bxb4 35. Nc6 Bc5 36. Bc3 Kf7 37. Kg2 Ke6 38.
Nb4 Rd7 39. Re4 Rd1 40. Rxc4 Rg1+ 41. Kh3 Bd6 42. Re4 f5 43. Re1 Rxe1 44.
Bxe1 e4 45. c4 g5 46. Nd5 Bc5 47. Bd2 h6 48. Kg2 1-0

[Event "38th Olympiad"]
[Site "Dresden GER"]
[Date "2008.11.25"]
[Round "11"]
[White "Fressinet,L"]
[Black "Gashimov,V"]
[Result "1/2-1/2"]
[WhiteElo "2676"]
[BlackElo "2703"]
[EventDate "2008.11.13"]

1. d4 Nf6 2. Nf3 e6 3. c4 c5 4. d5 d6 5. Nc3 exd5 6. cxd5 g6 7. h3 Bg7 8.
e4 O-O 9. Bd3 b5 10. Nxb5 Re8 11. O-O Nxe4 12. Re1 a6 13. Rxe4 Rxe4 14.
Nxd6 Rb4 15. a3 Qxd6 16. axb4 cxb4 17. Qe1 Nd7 18. Qe8+ Qf8 19. Qxf8+ Bxf8
20. Bb5 Nc5 21. Bc6 Bb7 22. Be3 Bxc6 23. dxc6 Nb3 24. Ra4 a5 25. Nd4 Nxd4
26. Bxd4 Rc8 27. Rxa5 Rxc6 28. Ra8 f6 29. Kf1 Kf7 30. Ke2 Bc5 31. Bxc5
1/2-1/2

[Event "38th Olympiad"]
[Site "Dresden GER"]
[Date "2008.11.25"]
[Round "11"]
[White "Nguyen Ngoc Truong Son"]
[Black "Solak,D"]
[Result "1/2-1/2"]
[WhiteElo "2567"]
[BlackElo "2595"]
[EventDate "2008.11.13"]

1. d4 d5 2. c4 c6 3. Nf3 Nf6 4. e3 a6 5. b3 Bg4 6. Nbd2 e6 7. Bd3 Nbd7 8.
Bb2 Bd6 9. h3 Bxf3 10. Nxf3 Qa5+ 11. Ke2 Ba3 12. Qc1 Bxb2 13. Qxb2 O-O 14.
Rac1 Rae8 15. Rhd1 Qc7 16. b4 Qd6 17. Ne5 Qe7 18. Nxd7 Nxd7 19. a4 Nb6 20.
c5 Nd7 21. b5 axb5 22. axb5 e5 23. Kf1 f5 24. bxc6 bxc6 25. Qb7 Qe6 26. Kg1
Rf7 27. Qa6 h5 28. Rb1 g6 29. Bc2 Rf6 30. Rb7 Nf8 31. Ba4 Rc8 32. Re7 Qxe7
33. Qxc8 Qe6 34. Qxe6+ Rxe6 35. Rb1 exd4 36. exd4 g5 37. Rb6 Re4 38. Bxc6
Rxd4 39. Bb7 Kf7 40. Rd6 Ke7 41. Bc8 Rd1+ 42. Kh2 f4 43. Bf5 d4 44. h4 gxh4
45. f3 d3 46. Rd5 h3 47. Rxd3 Rxd3 48. Bxd3 hxg2 49. Bf5 Ne6 50. Bxe6 Kxe6
51. Kxg2 Kd5 52. Kh3 Kxc5 53. Kh4 Kd6 54. Kxh5 Ke7 55. Kg5 Kf7 56. Kxf4 Kf6
57. Ke4 1/2-1/2

[Event "38th Olympiad"]
[Site "Dresden GER"]
[Date "2008.11.25"]
[Round "11"]
[White "Dao Thien Hai"]
[Black "Perunovic,Mil"]
[Result "1-0"]
[WhiteElo "2510"]
[BlackElo "2580"]
[EventDate "2008.11.13"]

1. d4 Nf6 2. c4 e6 3. Nf3 d5 4. Nc3 Bb4 5. cxd5 exd5 6. Bg5 Nbd7 7. e3 c5
8. Bd3 Qa5 9. O-O O-O 10. Rc1 c4 11. Bb1 Bxc3 12. bxc3 Ne4 13. Bh4 Re8 14.
Ng5 Ndf6 15. f3 Nd6 16. g4 Rxe3 17. Qd2 Re8 18. Nh3 Nxg4 19. fxg4 Bxg4 20.
Ng5 h6 21. Nxf7 Nxf7 22. Rxf7 Kxf7 23. Qf4+ Kg8 24. Qxg4 Qa3 25. Rf1 Rf8
26. Qe6+ Kh8 27. Re1 Qa6 28. Qxd5 Rae8 29. Rxe8 Rxe8 30. Qf5 Kg8 31. Bg3
Qe6 32. Be5 Qxf5 33. Bxf5 a6 34. a4 Kf7 35. a5 Rd8 36. Be4 Rd7 37. Kf2 Ke6
38. Ke3 Rf7 39. Bg3 g5 40. d5+ Kd7 41. Bf3 1-0

[Event "38th Olympiad"]
[Site "Dresden GER"]
[Date "2008.11.25"]
[Round "11"]
[White "Vuckovic,Bo"]
[Black "Tu Hoang Thong"]
[Result "1/2-1/2"]
[WhiteElo "2561"]
[BlackElo "2496"]
[EventDate "2008.11.13"]

1. e4 e5 2. Nf3 Nc6 3. Bb5 Nf6 4. O-O Nxe4 5. d4 Nd6 6. Bxc6 dxc6 7. dxe5
Nf5 8. Qxd8+ Kxd8 9. Nc3 Ke8 10. h3 Ne7 11. Ne2 Ng6 12. b3 a5 13. a4 c5 14.
c4 h6 15. Bb2 Bf5 16. Ng3 Bd7 17. Nh5 Bc6 18. Ne1 Rd8 19. Bc3 b6 20. f4 Ne7
21. f5 Ng8 22. Ra2 Rh7 23. Re2 Rd1 24. e6 f6 25. Nc2 Rxf1+ 26. Kxf1 Bd6 27.
Kf2 Kf8 28. Ne3 Ne7 29. g4 Rh8 30. Rd2 Be8 31. Kf3 Bc6+ 32. Kf2 Be8 33. Rd1
Bxh5 34. gxh5 Kg8 35. Kf3 Kh7 36. Ke4 Rd8 37. Ng4 Nc6 38. Rd3 Kg8 39. Ne3
Ne7 40. Be1 c6 41. Bg3 Nc8 42. Ng2 Kf8 43. Ne3 Ke8 44. Bf4 Bxf4 45. Rxd8+
Kxd8 46. Kxf4 Nd6 47. Nd1 1/2-1/2

[Event "38th Olympiad"]
[Site "Dresden GER"]
[Date "2008.11.25"]
[Round "11"]
[White "Short,N"]
[Black "Kozul,Z"]
[Result "0-1"]
[WhiteElo "2642"]
[BlackElo "2593"]
[EventDate "2008.11.13"]

1. e4 c5 2. Nf3 d6 3. d4 cxd4 4. Nxd4 Nf6 5. Nc3 Nc6 6. Bg5 e6 7. Qd2 a6 8.
O-O-O Bd7 9. f3 Be7 10. Kb1 Rc8 11. Nxc6 Bxc6 12. h4 O-O 13. Bd3 b5 14. Rh3
Qc7 15. h5 Rfd8 16. Rg3 b4 17. Ne2 Bb5 18. Rh1 Kf8 19. Bxb5 axb5 20. Rgh3
h6 21. Bh4 d5 22. e5 Qxe5 23. g4 d4 24. g5 hxg5 25. Bxg5 b3 26. axb3 Rxc2
27. Qxc2 d3 28. Qc3 Qxg5 29. Ng3 Nd5 30. Qxd3 Nb4 31. Qh7 Bf6 32. Qe4 Rd4
33. f4 Qg4 34. Qe2 Qxf4 35. Rd1 Qe5 36. Rxd4 Qxd4 37. Rh1 Qa7 38. Qf3 Bg5
0-1

[Event "38th Olympiad"]
[Site "Dresden GER"]
[Date "2008.11.25"]
[Round "11"]
[White "Stevic,H"]
[Black "Howell,D"]
[Result "0-1"]
[WhiteElo "2588"]
[BlackElo "2593"]
[EventDate "2008.11.13"]

1. e4 e5 2. Nf3 Nc6 3. Bb5 Nf6 4. O-O Nxe4 5. d4 Nd6 6. dxe5 Nxb5 7. a4
Nbd4 8. Nxd4 Nxd4 9. Qxd4 d5 10. Nc3 c6 11. Qd3 Be7 12. Qg3 Kf8 13. Ne2 h5
14. h3 h4 15. Qf3 g6 16. Nd4 Kg7 17. e6 Bf6 18. Re1 c5 19. Nb3 b6 20. exf7
Bf5 21. c3 Be4 22. Qd1 Kxf7 23. Nd2 Bf5 24. Nf3 Be4 25. Nd2 Bf5 26. Nf3 g5
27. Ne5+ Kg7 28. Ng4 d4 29. Nxf6 Qxf6 30. cxd4 cxd4 31. b4 Rac8 32. Bb2
Rhd8 33. Rc1 Rxc1 34. Qxc1 Kg6 35. Qc7 Rc8 36. Qb7 Rc2 37. Ba1 Bxh3 38.
Qe4+ Bf5 39. Qxd4 Qxd4 40. Bxd4 Rc4 41. Be3 Rxb4 42. Ra1 g4 43. Kh2 Rb3 44.
Bf4 Rb2 45. Kg1 Be4 46. a5 g3 47. f3 Bd3 48. axb6 axb6 49. Bd6 Be2 50. Be7
Kh5 51. Rc1 Rd2 52. Bb4 Rd7 53. Re1 Bc4 54. Re5+ Kg6 55. Re7 Rd4 56. Re4
Rd7 57. Re7 Rd3 58. Re1 Kf5 59. Be7 Rd4 60. Kh1 Bd5 61. Kg1 b5 62. Bc5 Rc4
63. Be7 b4 64. Kf1 b3 65. Bd6 b2 66. Ba3 Rc2 67. Rb1 Bc4+ 0-1

[Event "38th Olympiad"]
[Site "Dresden GER"]
[Date "2008.11.25"]
[Round "11"]
[White "Delchev,A"]
[Black "Ibrayev,N"]
[Result "1-0"]
[WhiteElo "2632"]
[BlackElo "2448"]
[EventDate "2008.11.13"]

1. d4 Nf6 2. Nf3 d5 3. c4 e6 4. Nc3 Bb4 5. Bg5 Nbd7 6. e3 c5 7. cxd5 exd5
8. Bd3 Qa5 9. Qc2 c4 10. Bf5 O-O 11. O-O Re8 12. Nd2 g6 13. Bh3 Kg7 14.
Rfd1 Nb6 15. Nb3 Qa6 16. Nc5 Qa5 17. Bxc8 Raxc8 18. Nxb7 Qa6 19. Nc5 Bxc5
20. Bxf6+ Kxf6 21. dxc5 Rxc5 22. Qd2 Qc8 23. Qd4+ Ke7 24. e4 Rd8 25. exd5
Rdxd5 26. Re1+ Kd7 27. Nxd5 Rxd5 28. Qf6 Rc5 1-0

[Event "38th Olympiad"]
[Site "Dresden GER"]
[Date "2008.11.25"]
[Round "11"]
[White "Zhumabayev,R"]
[Black "Iotov,V"]
[Result "1/2-1/2"]
[WhiteElo "2490"]
[BlackElo "2532"]
[EventDate "2008.11.13"]

1. d4 d5 2. Nf3 Nf6 3. c4 c6 4. e3 Bg4 5. Qb3 Qb6 6. Ne5 Bf5 7. cxd5 Nxd5
8. Bd2 e6 9. Na3 f6 10. Nd3 Nd7 11. f3 Bxd3 12. Bxd3 Bb4 13. Bxb4 Qxb4+ 14.
Qxb4 Nxb4 15. Bc4 e5 16. O-O-O O-O-O 17. Kb1 Kc7 18. Bb3 Nb6 19. dxe5 fxe5
20. Nc4 Nxc4 21. Bxc4 b5 22. Be6 g6 23. a3 Nd3 24. Kc2 e4 25. fxe4 Nc5 26.
Bg4 Nxe4 27. Rhf1 Nd6 28. b3 h5 29. Be2 Rhe8 30. Rf6 Rxe3 31. Bf3 h4 32.
Rxg6 h3 33. Rd2 a5 34. Rg7+ Kb6 35. Rg6 Kc7 36. Rg7+ Kb6 37. Rg6 Kc7 38.
Rg7+ Kb6 1/2-1/2

[Event "38th Olympiad"]
[Site "Dresden GER"]
[Date "2008.11.25"]
[Round "11"]
[White "Socko,B"]
[Black "Beliavsky,A"]
[Result "1/2-1/2"]
[WhiteElo "2631"]
[BlackElo "2619"]
[EventDate "2008.11.13"]

1. e4 e5 2. Nf3 Nc6 3. Bb5 a6 4. Bxc6 dxc6 5. O-O f6 6. d4 Bg4 7. dxe5 Qxd1
8. Rxd1 fxe5 9. Rd3 Bd6 10. Nbd2 Nf6 11. Nc4 O-O 12. Nfxe5 Be2 13. Re3 Bxc4
14. Nxc4 Bc5 15. Re1 b5 16. Be3 Bxe3 17. Nxe3 Nxe4 18. Ng4 Rfe8 19. f3 Nd6
20. Ne5 c5 21. Kf2 a5 22. a4 c4 23. axb5 a4 24. c3 Reb8 25. Ra2 Rxb5 26.
Nc6 Rb3 27. Nd4 Rb6 28. Re5 Rab8 29. Rxa4 Rxb2+ 30. Kg3 Rd2 31. Rc5 h6 32.
Rxc7 Rbb2 33. Ra6 Rxg2+ 34. Kf4 Nb5 35. Rc8+ Kf7 36. Nc6 Kg6 37. Ne5+ Kh5
38. Rc5 Nxc3 39. Ng4+ Kh4 40. Nxh6 Ne2+ 41. Ke4 Nc3+ 42. Kf4 Ne2+ 43. Ke4
Rxh2 44. Nf5+ Kh3 45. Rxc4 Rg2 46. Ra7 Ng3+ 1/2-1/2

[Event "38th Olympiad"]
[Site "Dresden GER"]
[Date "2008.11.25"]
[Round "11"]
[White "Gajewski,G"]
[Black "Lenic,L"]
[Result "1/2-1/2"]
[WhiteElo "2577"]
[BlackElo "2569"]
[EventDate "2008.11.13"]

1. d4 Nf6 2. c4 e6 3. Nc3 Bb4 4. g3 O-O 5. Bg2 d5 6. a3 Be7 7. cxd5 exd5 8.
Nh3 c6 9. O-O Re8 10. Nf4 Bd6 11. f3 Bc7 12. b4 h6 13. Kh1 Bf5 14. Re1 Bb6
15. Na4 Nbd7 16. Bb2 Bc7 17. Rc1 a5 18. Qb3 axb4 19. axb4 g5 20. Nd3 Re3
21. Rc3 Qe7 22. Nc1 Re6 23. Rf1 b5 24. Nc5 Nxc5 25. Rxc5 Bb6 26. Qd1 Bg6
27. Bh3 Bxc5 28. dxc5 Re3 29. Qd4 Kg7 30. Kg1 Re8 31. Bd7 Qxd7 32. Qxf6+
Kf8 33. Qg7+ Ke7 34. Qf6+ Kf8 35. Bd4 Qe6 36. Qg7+ Ke7 37. Qxh6 Re5 38. Qg7
Re3 39. Qh6 Re5 40. Qg7 Re3 41. Bxe3 Qxe3+ 42. Kg2 d4 43. Rd1 Rd8 44. Qh6
Ra8 45. h4 Ra1 46. Qxg5+ Qxg5 47. hxg5 Rb1 48. Rxd4 Rxc1 49. e4 Rc2+ 50.
Kf1 Bh7 51. f4 f6 52. gxf6+ Kxf6 53. Rd6+ Kf7 54. Rd7+ Kg8 55. f5 Rc4 56.
Re7 Rxb4 57. Kf2 Rc4 58. Ke3 b4 59. Rb7 Rxc5 60. Rxb4 Bxf5 1/2-1/2

[Event "38th Olympiad"]
[Site "Dresden GER"]
[Date "2008.11.25"]
[Round "11"]
[White "Borisek,J"]
[Black "Bartel,Mat"]
[Result "1/2-1/2"]
[WhiteElo "2548"]
[BlackElo "2602"]
[EventDate "2008.11.13"]

1. e4 c5 2. Nf3 Nc6 3. d4 cxd4 4. Nxd4 e5 5. Nb5 d6 6. c4 Be7 7. N1c3 a6 8.
Na3 f5 9. exf5 Bxf5 10. Bd3 Be6 11. O-O Nf6 12. Nc2 O-O 13. b3 Rc8 14. Bg5
Ng4 15. Bxe7 Qxe7 16. h3 Nh6 17. Ne3 Nd4 18. Be4 b5 19. Qd3 bxc4 20. Ncd5
Qg5 21. Nxc4 Nhf5 22. f4 Qh4 23. Kh2 Rc5 24. fxe5 Rxd5 25. g4 Rc5 26. exd6
Bxc4 27. bxc4 Qf6 28. gxf5 Qxd6+ 29. Kh1 Qf6 30. Bd5+ Kh8 31. Rae1 Rcc8 32.
Be6 Rcd8 33. Qe4 Qh6 34. Qg4 Nc2 35. Qg3 Nxe1 36. Rxe1 Qd2 37. Rg1 Qd4 38.
c5 g6 39. c6 Qe4+ 40. Qg2 Qxg2+ 41. Rxg2 gxf5 42. Rc2 Rd6 43. Bxf5 Rxf5
1/2-1/2

[Event "38th Olympiad"]
[Site "Dresden GER"]
[Date "2008.11.25"]
[Round "11"]
[White "Quezada Perez,Y"]
[Black "Smerdon,D"]
[Result "1-0"]
[WhiteElo "2580"]
[BlackElo "2470"]
[EventDate "2008.11.13"]

1. e4 c5 2. Nf3 d6 3. d4 cxd4 4. Nxd4 Nf6 5. Nc3 g6 6. Be3 Bg7 7. f3 O-O 8.
Qd2 Nc6 9. Bc4 Bd7 10. Bb3 Rc8 11. h4 h5 12. O-O-O Ne5 13. Kb1 Nc4 14. Bxc4
Rxc4 15. b3 Rc5 16. Ne6 fxe6 17. Bxc5 dxc5 18. e5 Rf7 19. exf6 exf6 20.
Rhe1 Qb6 21. Ne4 c4 22. Nd6 cxb3 23. axb3 Re7 24. f4 Bf8 25. Qc3 Qa6 26.
Ne4 Bc6 27. Nc5 Qb6 28. Nxe6 Bd7 29. Nxf8 Kxf8 30. Rxe7 Kxe7 31. Qe1+ Be6
32. Qe4 Kf7 33. Kb2 Qc7 34. Re1 Qd7 35. Re3 a5 36. Rd3 Qc7 37. Qd4 b5 38.
Qd6 Qe7 39. g3 b4 40. Qxe7+ Kxe7 41. Rd1 1-0

[Event "38th Olympiad"]
[Site "Dresden GER"]
[Date "2008.11.25"]
[Round "11"]
[White "Johansen,D"]
[Black "Hernandez Carmenates,Hold"]
[Result "0-1"]
[WhiteElo "2446"]
[BlackElo "2580"]
[EventDate "2008.11.13"]

1. c4 Nf6 2. Nc3 e5 3. e3 Bb4 4. Nge2 c6 5. a3 Ba5 6. b4 Bc7 7. Bb2 O-O 8.
Ng3 Re8 9. Be2 d5 10. cxd5 cxd5 11. Nb5 Bb6 12. d4 e4 13. Nh5 Nxh5 14. Bxh5
a6 15. Nc3 Qg5 16. Kf1 Be6 17. h4 Qe7 18. Be2 Bc7 19. b5 Nd7 20. a4 a5 21.
Ba3 Bd6 22. Bxd6 Qxd6 23. Rb1 Rec8 24. Rb3 Nb6 25. g3 Rc7 26. Kg2 Qd7 27.
Re1 Rac8 28. Qa1 Bg4 29. Kg1 Bxe2 30. Rxe2 h6 31. Rc2 g5 32. hxg5 hxg5 33.
Qd1 Kg7 34. Qh5 f6 35. Qd1 Rh8 36. g4 Kg6 37. f4 Qh7 38. Rg2 Rxc3 0-1

[Event "38th Olympiad"]
[Site "Dresden GER"]
[Date "2008.11.25"]
[Round "11"]
[White "Nogueiras Santiago,J"]
[Black "Xie,G"]
[Result "1-0"]
[WhiteElo "2574"]
[BlackElo "2403"]
[EventDate "2008.11.13"]

1. Nf3 Nf6 2. d4 e6 3. Bf4 b6 4. e3 Bb7 5. Bd3 Be7 6. Nbd2 Nh5 7. Bg3 f5 8.
Qe2 O-O 9. O-O a5 10. Ne5 g6 11. f4 d6 12. Nef3 Nc6 13. a3 Nxg3 14. hxg3
Bf6 15. c3 Re8 16. e4 d5 17. exd5 exd5 18. Ne5 Ne7 19. g4 Qc8 20. gxf5 Nxf5
21. Qf3 Rf8 22. g4 Nd6 23. Qh3 c5 24. Ndf3 Ba6 25. Bxa6 Rxa6 26. Rad1 Ra7
27. Qg2 cxd4 28. Rxd4 Nc4 29. Qe2 Re7 30. Rf2 Qe6 31. Kg2 Nxe5 32. fxe5
Bxe5 33. Nxe5 Rxf2+ 34. Kxf2 Qxe5 35. Qxe5 Rxe5 36. b4 a4 37. b5 Re4 38.
Rxe4 dxe4 39. c4 Kf7 40. c5 Ke6 41. c6 Kd5 1-0

[Event "38th Olympiad"]
[Site "Dresden GER"]
[Date "2008.11.25"]
[Round "11"]
[White "Lie,K"]
[Black "Amin,B"]
[Result "1/2-1/2"]
[WhiteElo "2526"]
[BlackElo "2560"]
[EventDate "2008.11.13"]

1. e4 e5 2. Nf3 Nc6 3. Bb5 a6 4. Ba4 Nf6 5. d3 b5 6. Bb3 Be7 7. O-O d6 8.
a4 b4 9. Nbd2 O-O 10. c3 Rb8 11. Re1 h6 12. d4 Bg4 13. h3 Bh5 14. g4 bxc3
15. bxc3 Bg6 16. Ba3 h5 17. g5 Nd7 18. Bd5 Na7 19. Nh4 Kh7 20. f4 exf4 21.
Nxg6 fxg6 22. Nf3 Bxg5 23. e5 Be7 24. Be4 dxe5 25. Ng5+ Kh6 26. Ne6 Qe8 27.
Nxf8 Qxf8 28. Bc1 exd4 29. Ra2 Bd6 30. Rg2 g5 31. h4 g4 32. Rxg4 hxg4 33.
Qxg4 Qf6 34. Rf1 g6 35. Rxf4 Bxf4 36. Bxf4+ Kh7 37. Qxd7+ Kh8 38. Bg5 Qd6
39. Qxd6 cxd6 40. Bf6+ Kh7 41. h5 dxc3 42. hxg6+ Kh6 43. Bxc3 Rg8 44. g7
Rxg7+ 45. Bxg7+ Kxg7 46. a5 Nb5 47. Bd3 Nc7 48. Kf2 Kf6 49. Ke3 Ke5 50. Bc4
d5 51. Be2 Kd6 52. Kd4 Kc6 53. Bf3 Kd6 54. Be2 Ne6+ 55. Ke3 Nc5 56. Kd4 Kc6
57. Ke5 Nd7+ 58. Kd4 Nc5 59. Ke5 Nb3 60. Bxa6 Nxa5 61. Kd4 Kd6 62. Bb5 Nb3+
63. Kc3 Nc5 64. Bc4 Ke5 1/2-1/2

[Event "38th Olympiad"]
[Site "Dresden GER"]
[Date "2008.11.25"]
[Round "11"]
[White "Frhat,A"]
[Black "Johannessen,LE"]
[Result "1/2-1/2"]
[WhiteElo "2418"]
[BlackElo "2545"]
[EventDate "2008.11.13"]

1. d4 d5 2. c4 e6 3. Nf3 c6 4. g3 f5 5. Bg2 Nf6 6. O-O Bd6 7. b3 Qe7 8. a4
a5 9. Ba3 b6 10. Qc1 Bb7 11. Bxd6 Qxd6 12. Qf4 Qxf4 13. gxf4 Na6 14. Nbd2
Ke7 15. Rfc1 Rac8 16. e3 Rhd8 17. cxd5 cxd5 18. Ne5 Nb4 19. Bf1 Rg8 20. Bb5
Kd6 21. Nf7+ Ke7 22. Ne5 Kd6 23. Nf7+ Ke7 24. Ne5 1/2-1/2

[Event "38th Olympiad"]
[Site "Dresden GER"]
[Date "2008.11.25"]
[Round "11"]
[White "Hammer,J"]
[Black "Abdel Razik,K"]
[Result "1/2-1/2"]
[WhiteElo "2522"]
[BlackElo "2406"]
[EventDate "2008.11.13"]

1. c4 Nf6 2. Nf3 c5 3. Nc3 d5 4. cxd5 Nxd5 5. d4 cxd4 6. Qxd4 Nxc3 7. Qxc3
Nc6 8. e4 e6 9. Bb5 Qb6 10. Bxc6+ Qxc6 11. Qxc6+ bxc6 12. Be3 Bb4+ 13. Bd2
Rb8 14. O-O-O Bc5 15. Be3 Bxe3+ 16. fxe3 c5 17. Ne5 Bb7 18. Rhf1 f6 19. Nd3
Ke7 20. Nf2 Ba6 21. Rfe1 Rb4 22. Rd2 Rhb8 23. Red1 R8b7 24. Rc2 Rc7 25. Kb1
Bb7 26. Rdc1 Kd6 27. Rd2+ Ke7 28. Rdc2 Kd6 29. Rd2+ Ke5 1/2-1/2

[Event "38th Olympiad"]
[Site "Dresden GER"]
[Date "2008.11.25"]
[Round "11"]
[White "Bogner,S"]
[Black "Erdogdu,M"]
[Result "1/2-1/2"]
[WhiteElo "2448"]
[BlackElo "2449"]
[EventDate "2008.11.13"]

1. g3 g6 2. Bg2 Bg7 3. d4 c5 4. c3 cxd4 5. cxd4 Qb6 6. e3 Nf6 7. Nc3 O-O 8.
Nge2 d6 9. O-O e5 10. b3 Re8 11. h3 h5 12. dxe5 dxe5 13. e4 Rd8 14. Nd5
Nxd5 15. exd5 Bf5 16. Bg5 Bf6 17. Be3 Qa5 18. Bd2 Qa6 19. Nc3 Nd7 20. g4
hxg4 21. hxg4 Bd3 22. Re1 Rac8 23. g5 Bg7 24. Rc1 Bf5 25. Bf1 Bd3 26. Bh3
Bf5 27. Bf1 Bd3 28. Bh3 Bf5 29. Bf1 1/2-1/2

[Event "38th Olympiad"]
[Site "Dresden GER"]
[Date "2008.11.25"]
[Round "11"]
[White "Haznedaroglu,K"]
[Black "Huschenbeth,N"]
[Result "0-1"]
[WhiteElo "2436"]
[BlackElo "2417"]
[EventDate "2008.11.13"]

1. e4 c5 2. Nf3 d6 3. d4 cxd4 4. Qxd4 Nc6 5. Bb5 Qa5+ 6. Nc3 Qxb5 7. Nxb5
Nxd4 8. Nfxd4 Kd7 9. c4 Nf6 10. f3 a6 11. Nc3 e6 12. Be3 Be7 13. O-O-O Rd8
14. Nb3 Kc7 15. c5 dxc5 16. Bf4+ Kb6 17. Rxd8 Bxd8 18. Na4+ Ka7 19. Rd1 Bd7
20. Naxc5 Rc8 21. Kb1 Be8 22. Nd3 Bb6 23. Be5 Rd8 24. Nf2 Rxd1+ 25. Nxd1
Bd8 26. Ne3 Bc6 27. Nd4 Bd7 28. Nc4 Ne8 29. Bg3 f6 30. Kc2 b5 31. Nd2 Bb6
32. Kd3 e5 33. Nc2 Be6 34. b3 Kb7 35. Ne3 Kc6 36. Bf2 Nd6 37. Nd1 Bxf2 38.
Nxf2 b4 39. g3 g5 40. Nd1 Nb5 41. Ne3 Kc5 42. h4 h6 43. hxg5 hxg5 44. g4
Nd4 45. Nf5 Bd7 46. Ne7 Bb5+ 47. Ke3 Nc2+ 48. Kf2 Kd4 49. Nd5 a5 50. Nxf6
Kc3 51. Nf1 Kb2 52. f4 exf4 53. e5 Nd4 54. Nd2 Kxa2 55. Nfe4 Nxb3 56. Nf3
a4 57. e6 a3 58. Nd6 Ba4 59. e7 Kb1 0-1

[Event "38th Olympiad"]
[Site "Dresden GER"]
[Date "2008.11.25"]
[Round "11"]
[White "Shaw,J"]
[Black "Banikas,H"]
[Result "0-1"]
[WhiteElo "2469"]
[BlackElo "2572"]
[EventDate "2008.11.13"]

1. e4 c5 2. c3 d5 3. exd5 Qxd5 4. d4 Nf6 5. Nf3 e6 6. a3 Nc6 7. Be3 cxd4 8.
cxd4 Be7 9. Nc3 Qd6 10. Bd3 O-O 11. O-O b6 12. Qe2 Bb7 13. Rad1 Rad8 14.
Rfe1 Qb8 15. Bb1 Rfe8 16. Bg5 g6 17. Ba2 Nh5 18. d5 exd5 19. Qd2 Bxg5 20.
Rxe8+ Rxe8 21. Nxg5 Ne7 22. Nxd5 Nxd5 23. Bxd5 Bxd5 24. Qxd5 Qc7 25. Ne4
Qc2 26. Ng5 Re7 27. g3 Nf6 28. Qd8+ Re8 29. Qd2 Re2 30. Qxc2 Rxc2 31. b4
Rc3 32. Ra1 h6 33. Nh3 g5 34. f4 g4 35. Nf2 h5 36. Kg2 Rb3 37. h3 Kg7 38.
hxg4 hxg4 39. Ra2 Nh5 40. Nh1 f5 41. Ra1 Kf7 42. Ra2 Nf6 43. Nf2 Nd5 44.
Ra1 Ne3+ 45. Kh2 Kf6 46. a4 Rxb4 47. Nd3 Rd4 48. Ne5 Rd2+ 49. Kh1 Rd1+ 50.
Rxd1 Nxd1 51. Nc6 a5 52. Ne5 Ne3 53. Nd7+ Ke7 54. Nxb6 Kd8 55. Kg1 Kc7 56.
Kf2 Nd1+ 57. Ke1 Kxb6 0-1

[Event "38th Olympiad"]
[Site "Dresden GER"]
[Date "2008.11.25"]
[Round "11"]
[White "Halkias,S"]
[Black "Arakhamia,K"]
[Result "0-1"]
[WhiteElo "2584"]
[BlackElo "2448"]
[EventDate "2008.11.13"]

1. d4 Nf6 2. c4 g6 3. Nc3 Bg7 4. e4 d6 5. Nf3 O-O 6. Be2 e5 7. Be3 Ng4 8.
Bg5 f6 9. Bh4 Nc6 10. d5 Ne7 11. Nd2 Nh6 12. f3 g5 13. Bf2 f5 14. c5 Ng6
15. Nc4 Nf4 16. O-O Rf6 17. a4 Rg6 18. exf5 Nxf5 19. Bd3 g4 20. fxg4 Qg5
21. h3 Qh6 22. Qf3 e4 23. Bxe4 Nd4 24. Qe3 Bxg4 25. Bxg6 Nxh3+ 26. gxh3
Nf3+ 27. Qxf3 Bxf3 28. Bg3 Rf8 29. Kh2 Qxg6 30. cxd6 cxd6 31. Rf2 Qd3 32.
Nxd6 Bxc3 33. bxc3 Bxd5 34. Rb2 Rf1 35. c4 Rxa1 36. cxd5 Qf1 37. Bf2 Qh1+
38. Kg3 Qxd5 0-1

[Event "38th Olympiad"]
[Site "Dresden GER"]
[Date "2008.11.25"]
[Round "11"]
[White "Agrest,E"]
[Black "Pelletier,Y"]
[Result "1/2-1/2"]
[WhiteElo "2574"]
[BlackElo "2557"]
[EventDate "2008.11.13"]

1. c4 Nf6 2. Nc3 e5 3. Nf3 Nc6 4. g3 Bb4 5. Nd5 Bc5 6. Bg2 d6 7. d3 h6 8.
Nd2 O-O 9. Nb3 Nxd5 10. cxd5 Ne7 11. Nxc5 dxc5 12. Qb3 Qd6 13. O-O Bg4 14.
f4 f6 15. e4 b6 16. Bd2 c6 17. Qc4 a5 18. Rae1 Rad8 19. a3 Bh5 20. b4 axb4
21. axb4 cxd5 22. exd5 Bf7 23. fxe5 fxe5 24. bxc5 bxc5 25. Ba5 Rd7 26. Bh3
Ra7 27. Bc3 Qxd5 28. Qxd5 Nxd5 29. Bxe5 Rd8 30. Bf5 Nb4 31. Rd1 Nc2 32. Bf4
Nd4 33. Be3 Nxf5 1/2-1/2

[Event "38th Olympiad"]
[Site "Dresden GER"]
[Date "2008.11.25"]
[Round "11"]
[White "Cicak,S"]
[Black "Gallagher,Jo"]
[Result "1/2-1/2"]
[WhiteElo "2564"]
[BlackElo "2480"]
[EventDate "2008.11.13"]

1. e4 c5 2. Nf3 e6 3. Bd3 Nc6 4. O-O Nf6 5. Re1 d5 6. exd5 Nxd5 7. Be4 Be7
8. d4 cxd4 9. Nxd4 Nxd4 10. Qxd4 O-O 11. c3 Nf6 12. Qxd8 Rxd8 13. Bf3 Nd5
14. a3 Bf6 15. Nd2 Bd7 16. Ne4 Be7 17. c4 Nb6 18. b3 Bc6 19. Be3 Rd3 20.
Bc5 Nc8 21. Bxe7 Nxe7 22. b4 Rd4 23. b5 Bxe4 24. Rxe4 Rxe4 25. Bxe4 Rc8 26.
Bxb7 Rxc4 27. a4 Rb4 28. Kf1 Nd5 29. Rc1 g6 30. Bc6 Rxa4 31. b6 Nxb6 32.
Bxa4 Nxa4 33. Ra1 Nc3 34. Rxa7 h5 35. f3 Kg7 36. Kf2 Nd5 37. h4 Nf6 38. Ra4
Nd5 39. g4 hxg4 40. fxg4 g5 41. h5 f5 42. gxf5 exf5 43. Ra5 Nf4 44. Rxf5
Kh6 45. Rxf4 1/2-1/2

[Event "38th Olympiad"]
[Site "Dresden GER"]
[Date "2008.11.25"]
[Round "11"]
[White "Barsov,A"]
[Black "Kalezic,B"]
[Result "0-1"]
[WhiteElo "2513"]
[BlackElo "2448"]
[EventDate "2008.11.13"]

1. d4 c5 2. d5 e5 3. e4 d6 4. Bb5+ Nd7 5. a4 Be7 6. Nf3 Ngf6 7. Nfd2 O-O 8.
O-O Ne8 9. Bd3 Rb8 10. Nc4 b6 11. f4 Bf6 12. f5 Bg5 13. Nbd2 Ndf6 14. b3 g6
15. fxg6 hxg6 16. Nf3 Bxc1 17. Qxc1 Kg7 18. Qg5 Rh8 19. Rf2 Rh5 20. Qg3 Ng4
21. Re2 Nef6 22. h3 Nh6 23. Rf2 Nhg8 24. Raf1 Qe7 25. Ng5 Bd7 26. Ne3 Rf8
27. Bb5 Bc8 28. Be2 Rxg5 29. Qxg5 Nxe4 30. Qxe7 Nxe7 31. Nc4 Nxf2 32. Nxd6
Nxh3+ 33. gxh3 Bxh3 34. Rf3 Bg4 35. Re3 Bxe2 36. Rxe5 Rd8 37. Rxe2 Rxd6 38.
Rxe7 Rxd5 39. Rxa7 Rd1+ 40. Kf2 Rd2+ 41. Ke3 Rxc2 42. Kd3 Rf2 43. a5 bxa5
44. Rxa5 Rf5 45. Kc4 g5 46. b4 Rf1 47. bxc5 g4 48. c6 Rc1+ 49. Kd5 f5 50.
Ra7+ Kf6 51. c7 Kg5 52. Kd6 g3 53. Ra8 f4 54. Ra5+ Kf6 55. Ra4 Kf5 56. Ra5+
Ke4 57. Re5+ Kf3 58. Rc5 Rxc5 59. Kxc5 g2 60. c8=Q g1=Q+ 61. Kd5 Qg5+ 62.
Kd4 Qf6+ 63. Kd5 Qg6 64. Qh3+ Kf2 65. Ke5 Qg3 66. Qh6 f3+ 67. Kf5 Kg2 68.
Qc6 Kh2 69. Qc2+ f2 70. Qe2 Kg1 0-1

[Event "38th Olympiad"]
[Site "Dresden GER"]
[Date "2008.11.25"]
[Round "11"]
[White "Kanep,M"]
[Black "Kindermann,S"]
[Result "0-1"]
[WhiteElo "2526"]
[BlackElo "2517"]
[EventDate "2008.11.13"]

1. d4 d5 2. c4 c6 3. Nf3 Nf6 4. Qb3 dxc4 5. Qxc4 Bg4 6. Nc3 Nbd7 7. e4 e6
8. Be3 Qa5 9. h3 Bxf3 10. gxf3 Be7 11. O-O-O O-O 12. Kb1 b5 13. Qb3 a6 14.
Rg1 Rfc8 15. Bh6 Bf8 16. Be2 c5 17. e5 Ne8 18. Ne4 c4 19. Qe3 b4 20. Rc1 c3
21. b3 c2+ 22. Ka1 Nxe5 23. Rg5 f5 24. Nf6+ Nxf6 25. Qxe5 Qxe5 26. dxe5 Nd5
27. Rg2 Kf7 28. Bd2 Bc5 29. Rxc2 Bd4+ 30. Kb1 Rxc2 31. Kxc2 Bxe5 32. Bc4 a5
33. Rg1 Nb6 34. Bb5 Rc8+ 35. Kd3 Rc5 36. Ba6 Rd5+ 37. Ke2 Bd4 38. Rd1 Re5+
39. Kf1 Rd5 40. Ke2 Bc5 41. Bd3 Bd4 42. Be1 g5 43. Rc1 Re5+ 44. Kf1 Rc5 45.
Rxc5 Bxc5 46. Bd2 Kf6 47. f4 gxf4 48. Bxf4 e5 49. Bd2 e4 50. Bb5 Ke5 51.
Bh6 Be7 52. Bc6 Nd5 53. Bg7+ Kd6 54. Bb7 Bg5 55. Bc8 Bf6 56. Bf8+ Ke5 57.
Bc5 Be7 58. Ba7 Bd6 59. Bd7 f4 60. Ke1 f3 61. Kd2 Be7 62. Bb8+ Kd4 63. Ba7+
Bc5 64. Bb8 Nc3 65. Bc7 Kd5 66. Ke1 Nxa2 67. Bxa5 Nc1 68. Be8 Nd3+ 69. Kf1
Bxf2 70. Bf7+ Kc5 71. Bc4 Bd4 72. Bd8 Ne5 73. Be7+ Kc6 74. Bxb4 Nxc4 75.
bxc4 Bc5 76. Bc3 Kd6 77. h4 h5 78. Be1 e3 79. Bd2 Ke5 0-1